000 00628nam a2200277Ia 4500
005 20260324140712.0
008 008 260324s9999 xx 000 0 eng d
020 _a9780203064757
037 _aEBOOK
040 _aCRL
040 _beng
040 _cCRL
041 _2eng
041 _aeng
084 _qCRL
100 _aTim O'Brien
_91205409
245 0 _aPromoting Positive Behaviour
260 _bTaylor and Francis
260 _c1998
365 _a
365 _b205
856 _uhttp://www.taylorfrancis.com/books/9780203064757
942 _cEBOOK
999 _c1807745
_d1807745